| 000 | 01036cam a2200229 4500 | ||
|---|---|---|---|
| 001 | WB3708-16 | ||
| 008 | 000000n2001 000 0 eng u | ||
| 035 | _a(Sirsi) u111099 | ||
| 245 | _aAdverse possession | ||
| 260 | _c2001 | ||
| 490 |
_aEstates Gazette Case Summaries _v[2001] EGCS 19 (17/2/01) |
||
| 520 | _a"JA Pye (Oxford) Ltd and another v Graham and another", CA 6 February 2001. The claimant's application for possession of land was allowed on appeal on the grounds that the Judge's decision breached the claimant's right to possession guaranteed by the First Protocol of the European Convention on Human Rights Article 1 as now protected by the Human Rights Act 1998. | ||
| 590 | _aWB | ||
| 650 | _aADVERSE POSSESSION | ||
| 650 | _aLAND OWNERSHIP | ||
| 650 | _aHM LAND REGISTRY | ||
| 650 | _aJA PYE (OXFORD) LTD V GRAHAM | ||
| 650 | _aCONVENTION FOR THE PROTECTION OF HUMAN RIGHTS AND FUNDAMENTAL FREEDOMS FIRST PROTOCOL ART 1 | ||
| 690 | _aPOSSESSION | ||
| 690 | _aPROPERTY AND LAND LAW-CASE LAW | ||
| 942 | _n0 | ||
| 999 |
_c66188 _d66188 |
||